00744nam a2200193 a 450000100100000000500170001000800410002704000250006808200160009311000320010924000180014124500670015925000220022626000540024830000200030259000270032295201840034999900170053300003321920200930070114.0110823s1920 dr r 000 0 spa d aDO-SdBNPbspacBNPHU axxxxbR426c1 aRepública Dominicana944710a[Leyes, etc.]10aCompilación de leyes sobre el derecho de propiedad inmueble. aEdición oficial aSanto Domingo :bImp. J. R. vda. García,c1920. a77 p. ;c30 cm. aInventariado, 2018/ YL 001050718RVaPDbPDcCTd2011-08-23iLF1l0oxxxx R426cp33219-10r2020-06-25w2020-06-25y1zPerteneció a la biblioteca personal de Carlos Larrazábal Blanco.ZNo se presta c32710d32710